Rejestracje w Warszawie - Statystyki

Ogólne statystyki
  • Ten quiz został rozwiązany 36 razy
  • Średni wynik to 12 z 15
Statystyki odpowiedzi
Dzielnica Rejestracja % Poprawnych
Bemowo WB
100%
Mokotów WE
87%
Białołęka WA
84%
Bielany WD
84%
Praga Północ WH
84%
Praga Południe WF
81%
Ursus WK
81%
Ursynów WN
81%
Rembertów, Wilanów, Włochy WW
81%
Śródmieście WI
77%
Ochota WU
77%
Wesoła, Żoliborz WX
77%
Targówek WJ
74%
Wola WY
74%
Wawer WT
68%
Nie znaleziono quizów pasujących do podanych kryteriów
Rozkład punktacji
Procent ludzi z każdym wynikiem
Percentyl według liczby udzielonych odpowiedzi
Twoja historia wyników
Nie rozwiązałeś tego quizu